| 000 | 01518nam0a2200373 4500 | ||
|---|---|---|---|
| 001 | RU\NLR\bibl\355257 | ||
| 005 | 20260406140912.0 | ||
| 010 |
_a5-94872-012-8 _98000 |
||
| 021 |
_aRU _b2002-53411 _92595 |
||
| 035 | _a(NLR Aleph) 000349917 | ||
| 090 |
_a269448 _c269448 |
||
| 100 | _a20021226d2002 |||y0rusy50 ca | ||
| 101 | 0 | _arus | |
| 102 | _aRU | ||
| 105 | _aa ||||||||| | ||
| 200 | 1 |
_aАлфавит духовный _f[Свт. Димитрий Ростовский] |
|
| 210 |
_aМ. _cРазвитие духовности, культуры и науки _cАксиос _d2002 |
||
| 215 |
_a318 с., [1] л. цв. ил. _d15 |
||
| 300 | _aЗагл. обл.: Алфавит духовный святителя Димитрия Ростовского | ||
| 512 | 1 | _aАлфавит духовный святителя Димитрия Ростовского | |
| 606 | 0 |
_aДуховно-нравственное чтение _92074545 _3RU\NLR\auth\661249549 |
|
| 610 | 0 | _aХристианская мораль | |
| 675 |
_a271.22-46 _v3 _zrus |
||
| 686 |
_a21.15 _2rugasnti |
||
| 686 |
_a86.372 _2rubbk |
||
| 686 | _aЭ372.24-681.2 | ||
| 700 | 0 |
_4070 _8rus _7ca _aДимитрий Ростовский _cТуптало, Даниил Саввич _cмитрополит _f1651-1709 _3RU\NLR\auth\773262 _9113268 |
|
| 801 | 0 |
_aRU _bRKP _c20021226 _gPSBO |
|
| 801 | 1 |
_aRU _bRKP _c20021226 |
|
| 801 | 2 |
_aRU _bNLR _c20060126 _grcr |
|
| 942 | _cBOOK | ||
| 980 | _aNB | ||